000 00573nam a22001577a 4500
008 160526b xxu||||| |||| 00| 0 eng d
082 _22015
_aUT 0613
_bR29
100 _99098
_aRepuela, Anna Mae.
245 _aUse of social media in learning Mathematics: boon or bane?/
_cAnna Mae Repuela, Sharmea C. Claro and Archivel W. Lerin.
260 _aDigos City:
_bUMDC
_cOctober 2015.
300 _a45 pages;
_c30 cm.
650 0 _99097
_aEducation
_vMathematics
_xUndergraduate thesis.
700 _99095
_aClaro, Sharmea C.
700 _99096
_aLerin, Archivel W.
942 _2ddc
_cUT
999 _c2747
_d2747